| 000 | 00359 a2200145 4500 | ||
|---|---|---|---|
| 001 | 66230 | ||
| 082 | _a025.3432 SHY | ||
| 090 |
_c38516 _d38516 |
||
| 100 | _aBAlakrishnan, Shyama | ||
| 245 |
_aserial processing in libraries _cShyama Balakrishnan |
||
| 250 | _a1 | ||
| 260 |
_aND _bAnmol Pub _c2001 |
||
| 300 | _aviii, 262 p | ||
| 600 | _aPaliwal, P. K. | ||
| 942 |
_aNUST CAE _k025.3432 SHY |
||
| 999 |
_c301303 _d301303 |
||